000 00327nam a2200145Ia 4500
008 191201s2009 xx 000 0 und d
082 _a005.43
_bMAO
100 _aMADNICK Stuart E
245 0 _aOperating Systems
250 _aRep
260 _aN.Delhi
_bTMH
_c2009
300 _a640
650 _aB.Tech(IT)
942 _2ddc
_cBK
999 _c4364
_d4364